LEADER 01351nam0-2200373---450- 001 990004370120403321 005 20110509110725.0 010 $a88-8086-398-3$b1. v. 010 $a88-8086-399-1$b2. v. 035 $a000437012 035 $aFED01000437012 035 $a(Aleph)000437012FED01 035 $a000437012 100 $a19990604d2001----km-y0itay50------ba 101 0 $aita 102 $aIT 105 $a--------101yy 200 1 $a<>identità nazionale nella cultura letteraria italiana$eatti del 3. congresso nazionale dell'ADI Associazione degli italianisti italiani, Lecce-Otranto, 20-22 settembre 1999$fa cura di Gino Rizzo 210 $aGalatina$cCongedo$dstampa 2001 215 $a2 v.$d25 cm 225 1 $aSaggi e testi$fUniversità degli studi di Lecce, Dipartimento dei beni delle arti e della storia$v14 610 0 $aPatriottismo$aLetteratura italiana$aCongressi$a1999 610 0 $aCongressi$aLecce-Otranto$a1999 676 $a850.9358 702 1$aRizzo,$bGino 710 02$aADI$9$0424649 801 0$aIT$bUNINA$gRICA$2UNIMARC 901 $aBK 912 $a990004370120403321 952 $a850.9358 RIZ 1(1)$fFLFBC 952 $a850.9358 RIZ 1(2)$fFLFBC 959 $aFLFBC 996 $aIdentità nazionale nella cultura letteraria italiana$9540539 997 $aUNINA LEADER 01876nam 2200505 450 001 9910707674203321 005 20160922095047.0 035 $a(CKB)5470000002465794 035 $a(OCoLC)958933938 035 $a(EXLCZ)995470000002465794 100 $a20160922j201605 ua 0 101 0 $aeng 135 $aurcn||||||||| 181 $ctxt$2rdacontent 182 $cc$2rdamedia 183 $acr$2rdacarrier 200 10$aCheck calibration of the NASA Glenn 10- by 10-foot supersonic wind tunnel (2014 test entry) /$fAaron Johnson, Christine Pastor-Barsi and E. Allen Arrington 210 1$aCleveland, Ohio :$cNational Aeronautics and Space Administration, Glenn Research Center,$dMay 2016. 215 $a1 online resource (15 pages) $ccolor illustrations 225 1 $aNASA/CR ;$v2016-218894 300 $aTitle from title screen (viewed Sept. 22, 2016). 300 $a"May 2016." 300 $a"Prepared under contract NNC15BA02B." 320 $aIncludes bibliographical references (page 15). 517 $aCheck calibration of the NASA Glenn 10- by 10-foot supersonic wind tunnel 606 $aCalibrating$2nasat 606 $aData acquisition$2nasat 606 $aPressure measurement$2nasat 606 $aSupersonic wind tunnels$2nasat 606 $aSystems integration$2nasat 615 7$aCalibrating. 615 7$aData acquisition. 615 7$aPressure measurement. 615 7$aSupersonic wind tunnels. 615 7$aSystems integration. 700 $aJohnson$b Aaron$01171114 702 $aPastor-Barsi$b Christine$f1982- 702 $aArrington$b E. Allen 712 02$aNASA Glenn Research Center, 801 0$bGPO 801 1$bGPO 906 $aBOOK 912 $a9910707674203321 996 $aCheck calibration of the NASA Glenn 10- by 10-foot supersonic wind tunnel (2014 test entry)$93436369 997 $aUNINA